000 00624nam a22002537a 4500
001 BR9403538
003 BR-BrBNA
005 20230928094219.0
007 ta
008 230509b bl.||||| |||| 00| 0 por d
040 _aBR-BrBNA
_bpor
_cBiblioteca Nacional de Agricultura
041 _a(Por)
072 _aL01
_b5100
090 _ 5100 BR9403538
100 1 _aCanjani, A.J.C.
245 1 _aE facil criar jumentos
260 3 _aSao Paulo, SP (Brasil):
_bTres,
_c1986.
300 _a32 p.
500 _a30 illus.
650 _aJumento
650 _aCriacao
909 _a202309
_bLucia
_c55
_dLucia Elande
942 _cBK
999 _c49451
_d49451